1120 1807 1494 1145 1416 1079 1748 1115 1029 1809 1537 1438 1100 1001 1746 1006 1458 1048 1316 1151 1143 1440 1988 1723 1245 1724 1826 1301 1810 1537 1872 1422 1356 1282 1665 1405 1664 1699 1399 1669 1954 1426 1554 1705 1029 1920 1786 1231 1812 1815 1948 1285 1064 1263 1406 1108 1324 1138 1262 1243 1086 1194 1504 1014 1940 1793 1049 1500 1060 1578 1695 1826 1220 1899 1808 1776 1304 1767 1394 1123 1611 1222 1994 1775 1485 1520 1038 1200 1310 1742 1240 1012 1486 1353 1560 1215 1393 1833 1158 BCNSPRNW ULIB Ver.6.0+V

เปลี่ยนเป็นภาษาไทย

Change to English
 แสดงรายละเอียดบรรณานุกรม
  กลับหน้าหลัก

Brief Record : Get Marc (ISO 2709) : E-mail record : QR code < ปิดหน้าต่าง
LEADER : 00000nam 2200000uu 4500
001    13399115000
003     ULIB
008    120627s2552||||th 000 0 tha d
020    ^a9786110600828
090    ^aนว.^bจ793จ 2552
100 0  ^aกระบี่หลงทิศ
245 00 ^aจอมลวงเจ้าเสน่ส์/^cเจี่ยนอิง
250    ^aพิมพ์ครั้งที่ 1
260    ^aกรุงเทพฯ :^bแจ่มใส,^c2552
300    ^a221 หน้า
945    ^p159^l0^i16171
995    ^aกัณชพร
999    ^aใช้งานได้ทุกระบบ
รายการนี้ยังไม่มีแท็ก
คุณยังไม่ได้ล็อกอิน คุณสามารถมีกิจกรรมร่วมกับเว็บไซต์ได้ แต่ต้องล็อกอินก่อน ::
  ล็อกอิน

รายการสื่อสารสนเทศ

ลำดับที่ ประเภท เลขเรียก/บาร์โค้ด สถานที่ สถานะ
1. นวนิยาย
นวนิยาย
นว. จ793จ 2552  
  Barcode: 16171
ห้องสมุดวิทยาเขตสวรรค์ประชารักษ์
►นวนิยาย
บนชั้น
  ขอยืม

รายการใกล้เคียง
    ผู้แต่ง [กระบี่หลงทิศ]

BibComment


ยังไม่เคยถูกคอมเมนท์

คอมเมนท์ทรัพยากรรายการนี้
  คอมเมนท์: จอมลวงเจ้าเสน่ส์..


 Copyright 2026. Bcnsprnw @Library